LEADER 00932nam0-22003251i-450- 001 990005579180403321 005 20101207101825.0 035 $a000557918 035 $aFED01000557918 035 $a(Aleph)000557918FED01 035 $a000557918 100 $a19990604d1979----km-y0itay50------ba 101 0 $aita 102 $aIT 105 $aa---a---001yy 200 1 $aStoria dell'urbanistica$eil Seicento$fEnrico Guidoni, Angela Marino 210 $aRoma ; Bari$cEditori Laterza$d1979 215 $a635 p.$cill.$d25 cm 225 1 $aGrandi opere 610 0 $aUrbanistica$aStoria$aSec. 17. 676 $a711.09$v21$zita 700 1$aGuidoni,$bEnrico$f<1939-2007>$0327210 702 1$aMarino,$bAngela 801 0$aIT$bUNINA$gRICA$2UNIMARC 901 $aBK 912 $a990005579180403321 952 $a711.09 GUI 1$bST. ARTE 14642$fFLFBC 959 $aFLFBC 996 $aStoria dell'urbanistica$9117121 997 $aUNINA LEADER 01222nam a2200313 i 4500 001 991000077069707536 005 20250505143704.0 008 960529s1996 it gr 001 0 ita 020 $a8822117778 035 $ab11307547-39ule_inst 035 $aPARLA201455$9ExL 040 $aDip.to Scienze dell'Antichità$bita$dSocioculturale Scs 082 04$a709.024$223 100 1 $aWarburg, Aby$0446037 245 13$aLa rinascita del paganesimo antico :$bcontributi alla storia della cultura /$cAby Warburg ; raccolti da Gertrud Bing 260 $aScandicci :$bLa Nuova Italia,$c1996 300 $aXXXI, 438 p., [42] p. di tav. :$bill. ;$c21 cm 490 1 $aClassici ;$v5 650 4$aArte$ySec. 15.-16 650 4$aRinascimento 700 1 $aBing, Gertrud 830 0$aClassici ;$v5 907 $a.b11307547$b23-02-17$c01-07-02 912 $a991000077069707536 945 $aLE015 700 - 70 bis$g2$i2015000012593$lle007$o-$pE0.00$q-$rl$s-$t0$u2$v0$w2$x0$y.i11476217$z01-07-02 945 $aLE015 700 - 70$g1$i2015000100092$lle007$o-$pE0.00$q-$rl$s-$t0$u3$v0$w3$x0$y.i11476229$z01-07-02 996 $aRinascita del paganesimo antico$997947 997 $aUNISALENTO 998 $ale007$b01-01-96$cm$da$e-$fita$git$h3$i2